| 000 | 00437nam a2200169Ia 4500 | ||
|---|---|---|---|
| 008 | 220216s9999 xx 000 0 und d | ||
| 100 | _aGanter Beate | ||
| 245 | 2 | _aA New generation of addition curing silicone heat vulcanizing rubbers | |
| 260 |
_bRubber World _c2001 |
||
| 300 | _a30-32,36 | ||
| 650 | _aCuring | ||
| 650 | _aHeat vulcanizing | ||
| 650 | _aSilicone | ||
| 700 | _aBox Emil | ||
| 700 | _aWang Yi-Feng | ||
| 942 | _cJS | ||
| 999 |
_c53429 _d53429 |
||